Statistics for Every The Beach Boys song that hit the Billboard hot 100

Click here to take the quiz!

General Stats

  • This quiz has been taken 257 times
  • The average score is 20 of 54

Answer Stats

Peak Chart PositionYearSong% Correct
751962Surfin
96%
11966Good Vibrations
92%
11988Kokomo (From"Cocktail" )
88%
31963Surfin' U.S.A.
87%
31965California Girls
84%
81966Wouldn't It Be Nice
82%
391967God Only Knows
78%
11964I Get Around
78%
11965Help Me, Rhonda
72%
31966Sloop John B
68%
21966Barbara Ann
65%
71963Surfer Girl
64%
141962Surfin' Safari
64%
51964Fun, Fun, Fun
61%
231963In My Room
58%
151963Little Deuce Coupe
56%
241964Don't Worry Baby
48%
121966Heroes And Villains
48%
61963Be True To Your School
42%
81964Dance, Dance, Dance
39%
191968Darlin'
38%
761962409
35%
201968Do It Again
35%
51976Rock And Roll Music
34%
241969I Can Hear Music
33%
311966Wild Honey
32%
121967Do You Wanna Dance?
31%
231963Shut Down
28%
91964When I Grow Up (To Be A Man)
28%
441964Wendy
25%
471968Friends
23%
491975Sail On Sailor
22%
261985Getcha Back
21%
651964Little Honda
21%
521965Please Let Me Wonder
19%
631969Break Away
16%
291976It's O.k.
16%
401979Good Timin'
15%
441979Here Comes The Night
14%
571986California Dreamin'
13%
181982Come Go With Me
13%
641970Add Some Music To Your Day
12%
611968Bluebirds Over The Mountain
12%
891971Long Promised Road
12%
201966The Little Girl I Once Knew
12%
121981The Beach Boys Medley
11%
121987Wipeout
11%
841973California Saga (On My Way To Sunny Californ-i-a)
10%
931989Still Cruisin'
9%
831980Goin' On
5%
491963Ten Little Indians
5%
591978Peggy Sue
3%
681986Rock'N'roll To The Rescue
2%
821985It's Getting Late
1%

Score Distribution

Percentile by Number Answered

Percent of People with Each Score

Your Score History

You have not taken this quiz